| 000 | 04887nam a2200337Ia 4500 | ||
|---|---|---|---|
| 005 | 20180208153937.0 | ||
| 008 | 130821k17921798sp a fr 1 spa d | ||
| 040 |
_aCo-BoUCM _bspa _cSandra Yazo _dSandra Yazo |
||
| 041 | 1 |
_aspa _hfre |
|
| 082 | 0 | 4 |
_a508 _220 |
| 092 | _aE08N033 | ||
| 100 | 1 |
_aBuffon, Georges-Louis Leclerc _ccomte de _d1707-1788 _963619 |
|
| 245 | 1 | 0 |
_aHistoria natural, general y particular _cEscrita en francés por el Conde de Buffon ... y traducida por D. Joseph Clavijo y Faxardo |
| 250 | _aSegunda edición | ||
| 260 |
_aMadrid (España) _bEn la Imprenta de la Viuda de Ibarra _c1792-1798 |
||
| 300 |
_a9 volúmenes (455 ; 453 ; 359 ; 330 ; 344 ; 237 ; 255 ; 287 ; 336, [14] páginas) _bilustraciones _c21 x 14 cm. |
||
| 500 | _aDetalles físicos: Encuadernación rígida, cartón forrado en cuero. Lomos con tejuelos y adornos en dorado, algunos rotos y otros faltantes. Tapas con recuadros en dorados. Tapas y lomo con raspaduras en bordes y esquinas. Guardas en papel de agua con faltante en varios tomos. Hojas de cortesía. Anteportada. Portada impresa en una sola tinta, con monograma del editor. Texto impreso en una columna, con varios tipos y tamaños de letra. Cenefa al inicio del capítulo. Ilustraciones fuera del texto, algunos en página entera, coloreadas y firmados, otros en hojas plegadas. Cuadros y gráficos entre el texto. Notas al pie de página. Cantos pintados. Hojas sueltas V. 2 y 15 notorio deterioro. V.2 con nota de desinfección A.G.N. 05-sep-2007. Colección incompleta, faltan V.1, V. 7, V.8, V.11, V.12, V. 14, V.16 a V.21. Datos de publicación varían en V.4, 5, 6: "Madrid: por la Viuda de Don Joaquin Ibarra" | ||
| 505 | 0 | _aV.2: Pruebas de la teórica de la tierra: Desigualdades de la superficie de la tierra ; Ríos, mares y lagos ; Flujo y del reflujo ; Las desigualdades del fondo del mar, y de las corrientes ; Vientos ; Volcanes y terremotos ; Islas nuevas ; Efectos de las lluvias -- V.3: Historia general de los animales: Comparación de los animales con los vegetales ; Reproducción ; Nutrición y desarrollo ; Generación de los animales ; Sistemas sobre la generación ; Formación, desarrollo e incremento del feto ; El parto -- V.4: Historia natural del hombre: Naturaleza del hombre ; La infancia ; La pubertad ; Descripción del hombre ; La vejez y la muerte ; Sentidos -- V.5: Variedades en la especie humana ; Color de los negros ; Pigmeos de Madagascar ; Patagones ; Los americanos ; Isleños del mar del sur ; Habitantes de las tierras australes ; Albinos ; Monstruos -- V.6: Probabilidades de la vida humana ; Tablas de probabilidades ; Datos de la ciudad de París, de Montbar, de Semur, de Flavigny ; Mortandad y tablas de mortalidad -- V.9: El puerco de Siam y el jabalí ; El perro: Historia ; Variedades ; El gato ; Los animales silvestres ; La liebre ; El conejo -- V.10: El lobo ; La Zorra ; La nutria ; La marta ; El hurón ; La ardilla ; El conejo de indias ; El murciélago ; El lirón ; La marmota -- V.13: El rinoceronte ; El camello y el dromedario ; El hipopótamo ; El alce y el reno ; El Saiga ; Las gacelas ; Grimio -- V.15: El Bobaco y las demás marmotas ; Los Gerbos ; La mangosta ; Gato montés ; Ocelote ; Tapir o Danta ; Chacal ; Zorrillo ; Focas ; Morsas ; Manatís | |
| 506 | _aConsulta en sala | ||
| 650 | 7 |
_aHistoria natural _xObras anteriores a 1800 _916944 |
|
| 650 | 7 |
_aZoología _xObras anteriores a 1800 _926437 |
|
| 650 | 7 |
_aGeografía _xObras anteriores a 1800 _991249 |
|
| 650 | 7 |
_aEtnografía _xObras anteriores a 1800 _915285 |
|
| 690 |
_aCiencias naturales _910813 |
||
| 700 | 1 |
_aClavijo y Fajardo, José _d1726-1806 _963620 _etraductor |
|
| 856 | 4 | 1 |
_uhttps://books.google.com.co/books?id=V2RSkMYxOpIC&printsec=frontcover&dq=Historia+natural,+general+y+particular+1792&hl=es&sa=X&ved=0ahUKEwikxOHtlJfZAhUB4VMKHWKZD24Q6AEIJjAA#v=onepage&q=Historia%20natural%2C%20general%20y%20particular%201792&f=false _zDisponible en línea V.2 |
| 856 | 4 | 1 |
_uhttps://books.google.com.co/books?id=0eZYgbW8i7oC&pg=PA289&dq=Historia+natural,+general+y+particular+volumen+1&hl=es&sa=X&ved=0ahUKEwiC3_31lJfZAhXBt1MKHUBnCHQQ6AEIJjAA#v=onepage&q=Historia%20natural%2C%20general%20y%20particular%20volumen%201&f=false _zDisponible en línea V.12 |
| 856 | 4 | 1 |
_uhttps://books.google.com.co/books?id=LDx22wA675gC&pg=PA23&dq=Historia+natural,+general+y+particular+volumen+3&hl=es&sa=X&ved=0ahUKEwjX8NuKlZfZAhWJ2VMKHdPwAHEQ6AEIJjAA#v=onepage&q=Historia%20natural%2C%20general%20y%20particular%20volumen%203&f=false _zDisponible en línea V.16 |
| 856 | 4 | 1 |
_uhttps://books.google.com.co/books?id=HES7A7SIMHgC&pg=PA223&dq=Historia+natural,+general+y+particular+volumen+3&hl=es&sa=X&ved=0ahUKEwjX8NuKlZfZAhWJ2VMKHdPwAHEQ6AEILDAB#v=onepage&q=Historia%20natural%2C%20general%20y%20particular%20volumen%203&f=false _zDisponible en línea V.21 |
| 942 |
_cLIBRO _a25 _e2 _2LOCAL _hE08N033 |
||
| 999 |
_c71918 _d71918 |
||